000 02124 a2200205 4500
003 Nust
005 20221208104639.0
010 _a 74009772
020 _a0030839939
040 _cNust
082 0 0 _a530.41, ASH
100 1 _aAshcroft, Neil W.
_953488
245 1 0 _aSolid state physics
_c[by] Neil W. Ashcroft [and] N. David Mermin.
260 _aNew York,
_bHolt, Rinehart and Winston
_c[c1976]
300 _axxi, 826 p.
_billus.
_c25 cm.
505 _aThe Drude Theory of Metals( Page-1), The Sommerfeld Theory of Metals (Page-29), Failures of the Free Electron Model (Page-57), Crystal Lattices. The Reciprocal Lattice (Page-63), Determination of Crystal Structures by X-Ray Diffraction (Page-85), Classification of Bravais Lattices and Crystal Structures (Page-111), Electron levels in a Periodic Potential: General Properties (Page-131), Electrons in a Weak Periodic Potential (Page-151), The Tight-Binding Method (Page-175), Other Methods for Calculating Band Structure (Page-191),The Semiclassical Model of Electron Dynamics (Page-213), The Semiclassical Theory of Conduction in Metals (Page-243), Measuring the Fermi Surface (Page-263), Band Structure of Selected Metals (Page-283), Beyond the Relaxation (Page-313), Time Approximation (Page-329), Beyond the Independent Electron Approximation (Page-353), Surface Effects (Page-353), Classification of Solids (Page-373),Cohesive Energy (Page-395), Failures of the Static Lattice Model (Page-415), Classical Theory of the Harmonic Crystal (Page-421), Quantum Theory of the Harmonic Crystal (Page-451), Measuring Phonon Dispersion Relations (Page-469), Anharmonic Effects in Crystals (Page-487), Phonon in Metals (Page-511), Dielectric Properties of Insulators (Page-533). Homogeneous Semiconductors (Page-561). Inhomogeneous Semiconductors ( Page-589), Defects in Crystals (Page-615), Diamagnetism and Paramagnetism (Page-643), Electron Interactions and Magnetic Structure (Page-671) ,Magnetic Ordering (Page-693), Superconductivity. Appendices (Page-725).
650 0 _aSolid state physics.
_934429
700 1 _aMermin, N. David,
_961327
942 _2ddc
_cBK
999 _c180550
_d180550